| 000 | 00496 a2200169 4500 | ||
|---|---|---|---|
| 999 |
_c330659 _d330659 |
||
| 003 | Nust | ||
| 005 | 20170727160312.0 | ||
| 008 | 170727b xxu||||| |||| 00| 0 eng d | ||
| 040 | _cNust | ||
| 082 |
_a910.5491 _bMIR |
||
| 100 |
_aMirpua, Camy _93621 |
||
| 245 |
_aSafar nama Pakistan _cby Camy Mirpua |
||
| 260 |
_aLahore: _bBook home, _c2005 |
||
| 300 | _a208 p. | ||
| 500 | _aSafar nama Pakistan | ||
| 546 | _aIn urdu | ||
| 650 |
_aTravelling Literature _93622 |
||
| 880 |
_6100-01\(3\r _aکیمی میرپوا |
||
| 880 |
_6245-02\(3\r _aسفر نامہۤ پاکستان _cکیمی میرپوا |
||
| 880 |
_6260-03\(3\r _aلاہور: _bبک ہوم، _c2005 |
||
| 942 |
_2ddc _cBK |
||